00306nam a2200109Ia 450000500170000000800410001710000200005824500850007826000110016330000110017465000110018520260328104330.0260328s9999||||xx |||||||||||||| ||und|| aLinhares, Mario 4aThe Urban Sketching Handbook :b Panoramas and Vertical Vistas /cMario Linhares bquarry a112 p. aDIBUJO